Little Chef Locations Quiz Stats

Quiz not verified by Sporcle

Challenge
Share
Tweet
Embed
Score 0/73 Timer 08:00
0 Plays Today
Road Location % Correct
A47Acle
66.7%
A14Huntingdon
66.7%
A46Lincoln
66.7%
A47/A11Norwich
66.7%
A38Alfreton
55.6%
A11Barton Mills South
55.6%
A1/A421Black Cat
55.6%
A1 Doncaster
55.6%
A10Ely
55.6%
A34Newbury
55.6%
A303Popham
55.6%
A1Alwalton
44.4%
A303Amesbury
44.4%
A35Axminster
44.4%
A9Balhaldie South
44.4%
A55/A5Bangor
44.4%
A69Bardon Mill
44.4%
A303Barton Stacey
44.4%
A14/A140Beacon Hill
44.4%
A36Beckington
44.4%
A31Bere Regis
44.4%
A41Bicester
44.4%
A470/A483Builth Wells
44.4%
A40Burford
44.4%
A350Chippenham
44.4%
A417 Cirencester
44.4%
A1Colsterworth
44.4%
A500/M6Crewe
44.4%
A470 Dolgellau
44.4%
A127East Horndon
44.4%
A12Feering
44.4%
A27/A29Fontwell
44.4%
A11Fourwentways
44.4%
A580Haydock
44.4%
A30Honiton
44.4%
A14Kettering East
44.4%
A14Kettering West
44.4%
Road Location % Correct
A556Knutsford
44.4%
A14Lolworth
44.4%
A1Markham Moor North
44.4%
A1New Fox North
44.4%
A11Newmarket North
44.4%
A55Northop Hall
44.4%
A5Oswestry
44.4%
A66Penrith
44.4%
A47Peterborough Eye
44.4%
A303Podimore
44.4%
A31Ringwood
44.4%
A1Seaton Burn
44.4%
A303Ilminster
33.3%
A421Marston Moretaine
33.3%
A1North Muskham
33.3%
A5Shrewsbury
33.3%
A1Skeeby
33.3%
A65/A59Skipton
33.3%
A17Sleaford
33.3%
A30/A386Sourton Cross
33.3%
A40/A487St Clears
33.3%
A500/A34Stoke
33.3%
A17/A16Sutterton
33.3%
A418 Thame
33.3%
A14/A45Thrapston
33.3%
A43Towcester East
33.3%
A50Uttoxeter
33.3%
A3Wisley South
33.3%
A55Halkyn
22.2%
A31Stoney Cross
22.2%
A36/A350Warminster
22.2%
A303West Knoyle
22.2%
A34Weston on the Green North
22.2%
A35Winterbourne Abbas
22.2%
A64York East
22.2%
A30Whiddon Down
0%

You're not logged in!

Compare scores with friends on all Sporcle quizzes.
Sign Up with Email
OR
Log In

You Might Also Like...

Show Comments

Extras

Top Quizzes Today


Score Distribution

Your Account Isn't Verified!

In order to create a playlist on Sporcle, you need to verify the email address you used during registration. Go to your Sporcle Settings to finish the process.

Report this User

Report this user for behavior that violates our Community Guidelines.

Details: